Datum a čas kvízu
19.5
Celkem bodů
Celkový počet nahraných bodů na tomto kvízu bez doplňovacích otázek.
12.
Pořadí na kvízu
Konečné umístění týmu na tomto kvízu.
Zaznamenané odpovědi
| # | Otázka | Odpověď | Body | Výsledky |
|---|---|---|---|---|
| 1. | Andrej Babiš byl dle očekávání... | jeden | 0 | |
| 2. | Nepálské úřady minulý týden oz... | C) pytlíkem na výkaly | 0 | |
| 3. | Městské divadlo v Brně v sobot... | Bílá voda | 0 | |
| 4. | Která automobilka získala s je... | Mercedes | 0 | |
| 5. | V noci z neděle na pondělí se... | Kansas City (Chiefs), San Francisco (49ers) | 1 | |
| 6. | Vítězné téma facebookového hla... | 1D 2C 3A 4B | 0 | |
| 7. | Dne 4. ledna 1997 došlo ke sňa... | Havel, Veškrnová | 0 | |
| 8. | Říká vám něco jméno herečky Šá... | Irenka (Irena) | 0 | |
| 9. | V roce 1994 vyšel první díl he... | Tekken | 1 | |
| 10. | Ke kterému městu se v souvislo... | Vsetín | 0 |